ARRUPE JESUIT UNIVERSITY

CORONAVIRUS -STOP THE SPREAD - CLEAN,DISINFECT,COVER

Lyndon Johnson's dual war, (Record no. 131872)

MARC details
000 -LEADER
fixed length control field 00774nam a22001937a 4500
008 - FIXED-LENGTH DATA ELEMENTS--GENERAL INFORMATION
fixed length control field 240423b |||||||| |||| 00| 0 eng d
020 ## - INTERNATIONAL STANDARD BOOK NUMBER
International Standard Book Number 0226817318
050 ## - LIBRARY OF CONGRESS CALL NUMBER
Classification number DS559.46.T87 1985
100 ## - MAIN ENTRY--PERSONAL NAME
Personal name Turner . Kathleen J,
9 (RLIN) 52669
245 ## - TITLE STATEMENT
Title Lyndon Johnson's dual war,
Remainder of title vietnam and the press.
Statement of responsibility, etc Kathleen J. Turner.
260 ## - PUBLICATION, DISTRIBUTION, ETC. (IMPRINT)
Place of publication, distribution, etc Chicago:
Name of publisher, distributor, etc The University of Chicago Press,
Date of publication, distribution, etc 1985.
300 ## - PHYSICAL DESCRIPTION
Extent ix;
Other physical details 385p,
Dimensions 24cm.
600 ## - SUBJECT ADDED ENTRY--PERSONAL NAME
Personal name Johnson,Lyndon B.(Lyndon Baines),
Dates associated with a name 1908-1973.
9 (RLIN) 52670
650 ## - SUBJECT ADDED ENTRY--TOPICAL TERM
Topical term or geographic name as entry element Vietnamese conflict;
General subdivision journalists,
Chronological subdivision 1961-1975
9 (RLIN) 52671
650 ## - SUBJECT ADDED ENTRY--TOPICAL TERM
Topical term or geographic name as entry element Vietnamese conflct
Chronological subdivision 1961-1975,
Geographic subdivision United States.
9 (RLIN) 52672
650 ## - SUBJECT ADDED ENTRY--TOPICAL TERM
Topical term or geographic name as entry element Press and politics,
Geographic subdivision United States
9 (RLIN) 52673
650 ## - SUBJECT ADDED ENTRY--TOPICAL TERM
Topical term or geographic name as entry element United States
Form subdivision politics and government
Chronological subdivision 1963-1969.
9 (RLIN) 52674
942 ## - ADDED ENTRY ELEMENTS (KOHA)
Source of classification or shelving scheme Library of Congress Classification
Item type Monograph ( Printed materials)
Holdings
Withdrawn status Lost status Source of classification or shelving scheme Damaged status Not for loan Home library Current library Shelving location Date acquired Total Checkouts Full call number Barcode Date last seen Price effective from Koha item type
    Library of Congress Classification     ARRUPE LIBRARY ARRUPE LIBRARY Main Collection 23/04/2024   DS559.46.T87 1985 46700000390 23/04/2024 23/04/2024 Monograph ( Printed materials)

 

Arrupe Library. PO Box MP320 Mt Pleasant, Harare, Zimbabwe
263 242 745411|librarian@aju.ac.zw